Crystal growth / (Record no. 69999)
[ view plain ]
| 000 -LEADER | |
|---|---|
| fixed length control field | 00905nam a2200289 a 4500 |
| 001 - CONTROL NUMBER | |
| control field | 69999 |
| 003 - CONTROL NUMBER IDENTIFIER | |
| rucl marc code | BD-RjUL |
| 005 - DATE AND TIME OF LATEST TRANSACTION | |
| control field | 20211209081943.0 |
| 008 - FIXED-LENGTH DATA ELEMENTS--GENERAL INFORMATION | |
| fixed length control field | 170415s1975 enka b 001 0 eng d |
| 020 ## - INTERNATIONAL STANDARD BOOK NUMBER | |
| International Standard Book Number | 008017003X : |
| 035 ## - SYSTEM CONTROL NUMBER | |
| System control number | (BD-RjUL)70211 |
| 040 ## - CATALOGING SOURCE | |
| Original cataloging agency | DLC |
| Transcribing agency | DLC |
| Modifying agency | BD-RjUL |
| Language of cataloging | eng |
| 041 ## - LANGUAGE CODE | |
| Language code of text/sound track or separate title | eng |
| 082 ## - DEWEY DECIMAL CLASSIFICATION NUMBER | |
| Edition number | 23 |
| Classification number | 548.5 |
| Author mark and year | CRY 1975 |
| 090 ## - LOCALLY ASSIGNED LC-TYPE CALL NUMBER (OCLC); LOCAL CALL NUMBER (OCLC) | |
| Classification number (OCLC) (R) ; Classification number, CALL (RLIN) (NR) | QD921 |
| Local cutter number (OCLC) ; Book number/undivided call number, CALL (RLIN) | .P32 1980 |
| 099 ## - LOCAL FREE-TEXT CALL NUMBER (OCLC) | |
| Bangla Class number | QD921.P32 1980 |
| 245 00 - TITLE STATEMENT | |
| Title | Crystal growth / |
| Statement of responsibility, etc. | edited by Brian R. Pamplin |
| 250 ## - EDITION STATEMENT | |
| Edition statement | 1st ed. |
| 260 ## - PUBLICATION, DISTRIBUTION, ETC. (IMPRINT) | |
| Place of publication, distribution, etc. | Oxford : |
| -- | New York : |
| Name of publisher, distributor, etc. | Pergamon, |
| Date of publication, distribution, etc. | 1975. |
| 300 ## - PHYSICAL DESCRIPTION | |
| Pagination | xviii, 609 p. : |
| Illustrations | ill. ; |
| Size | 26 cm. |
| 490 1# - SERIES STATEMENT | |
| Series statement | International series on the science of the solid state ; |
| Volume/sequential designation | v. 16 |
| 504 ## - BIBLIOGRAPHY, ETC. NOTE | |
| Bibliography, etc | Includes bibliography and index |
| 650 #0 - SUBJECT ADDED ENTRY--TOPICAL TERM | |
| Topical term or geographic name as entry element | Crystal growth. |
| 9 (RLIN) | 200699 |
| 700 1# - ADDED ENTRY--PERSONAL NAME | |
| Personal name | Pamplin, Brian R. |
| 830 #0 - SERIES ADDED ENTRY--UNIFORM TITLE | |
| Uniform title | International series on the science of the solid state ; |
| Volume number/sequential designation | v. 16. |
| 942 ## - ADDED ENTRY ELEMENTS (KOHA) | |
| Source of classification or shelving scheme | Dewey Decimal Classification |
| Koha item type | Books |
| Lost status | Source of classification or shelving scheme | Damaged status | Not for loan | Collection code | Permanent Location | Current Location | Shelving location | Date acquired | Source of acquisition | Cost, normal purchase price | Total Checkouts | Full call number | Date last seen | Copy number | Koha item type |
|---|---|---|---|---|---|---|---|---|---|---|---|---|---|---|---|
| Dewey Decimal Classification | Not For Loan | Non-fiction | Central Library, University of Rajshahi | Central Library, University of Rajshahi | Reading Room | 09/12/2021 | Heffer | 30.00 | 548.5 CRY 1975 | 15/04/2017 | C-1 | Books |